Central Library OPAC University of Rajshahi

Practical guide to forestry / (Record no. 86180)

MARC details
000 -LEADER
fixed length control field 00596nam a2200229 a 4500
001 - CONTROL NUMBER
control field 86180
003 - CONTROL NUMBER IDENTIFIER
rucl marc code BD-RjUL
005 - DATE AND TIME OF LATEST TRANSACTION
control field 20260217114226.0
008 - FIXED-LENGTH DATA ELEMENTS--GENERAL INFORMATION
fixed length control field 260217s2018 ii ||||| |||| 00| 0 eng d
020 ## - INTERNATIONAL STANDARD BOOK NUMBER
International Standard Book Number 9789387642959
International Standard Book Number 938764295X
035 ## - SYSTEM CONTROL NUMBER
System control number (BD-RjUL)86180
040 ## - CATALOGING SOURCE
Original cataloging agency BD-RjUL
Language of cataloging eng
Transcribing agency BD-RjUL
041 ## - LANGUAGE CODE
Language code of text/sound track or separate title eng
082 ## - DEWEY DECIMAL CLASSIFICATION NUMBER
Edition number 23
Classification number 634.9
Author mark and year ANP 2018
100 ## - MAIN ENTRY--PERSONAL NAME
Personal name Anthonia, D.
9 (RLIN) 17728
245 ## - TITLE STATEMENT
Title Practical guide to forestry /
Statement of responsibility, etc. D. Anthonia
260 ## - PUBLICATION, DISTRIBUTION, ETC. (IMPRINT)
Place of publication, distribution, etc. New Delhi :
Name of publisher, distributor, etc. Agri Horti Press,
Date of publication, distribution, etc. 2018
300 ## - PHYSICAL DESCRIPTION
Pagination 320 p.;
Illustrations ill.;
Size 24 cm.
650 ## - SUBJECT ADDED ENTRY--TOPICAL TERM
Topical term or geographic name as entry element Forestry
942 ## - ADDED ENTRY ELEMENTS (KOHA)
Source of classification or shelving scheme Dewey Decimal Classification
Koha item type Books
Holdings
Lost status Source of classification or shelving scheme Damaged status Not for loan Collection code Permanent Location Current Location Shelving location Date acquired Source of acquisition Cost, normal purchase price Total Checkouts Full call number Date last seen Copy number Koha item type
  Dewey Decimal Classification   Not For Loan Non-fiction Central Library, University of Rajshahi Central Library, University of Rajshahi Reading Room 16/02/2026 Book Finder, Dhaka 3098.00   634.9 ANP 2018 17/02/2026 C-1 Books